• 首页
  • 本馆介绍
  • 公告通知
  • 最新文献
  • 馆藏检索
  • 电子资源
  • 读者导购
  • 参考咨询
  • 我的图书馆
  • 登录
  • 详细信息显示
  • 放入我的书架
  • 预约/预借图书
  • 作者相关作品
  • 分类相关作品
  • 丛书相关作品
  • 出版社相关作品

书目信息

  • 表格格式
  • 工作单格式
  • 卡片格式
题名:
学前儿童语言教育
    
 
作者: 赵寄石 , 楼必生 主编
分册:  
出版信息: 北京   人民教育出版社  1993.1
页数: 297页
开本: 20cm
丛书名:
单 册:
中图分类: G613.2
科图分类: 38.53
主题词: 学前教育-语言教学--研究 , 语言教学-学前教育--研究
电子资源:
ISBN: 7-107-07109-2
000 00957nam0 2200265 45
001 0194004152
005 20070726120905.75
010    @a7-107-07109-2@dCNY12.30
100    @a19940127d1993 em y0chiy0121 ea
101 0  @achi
102    @aCN@b110000
105    @ay z 000yy
200 10 @a学前儿童语言教育@AXUE QIAN ER TONG YU YAN JIAO YU@f赵寄石,楼必生主编@FZHAO JI SHI , LOU BI SHENG ZHU BIAN
210    @a北京@c人民教育出版社@d1993.1@h2002
215    @a297页@d20cm
330    @a主要阐述了语言、社会和儿童的关系,语言系统的结构和语言的社会功能,儿童语言发展的规律及其特点,学前教育儿童语言障碍与语言矫治和国外对学前儿童语言教育的研究趋向等。
540 1  @a儿童 语言@AER TONG YU YAN
606    @a学前教育-语言教学@x研究
606    @a语言教学-学前教育@x研究
690    @aG613.2@v三版
692    @a38.53
701  0 @a赵寄石@AZHAO JI SHI@4主编
701  0 @a楼必生@ALOU BI SHENG@4主编
801  0 @aCN@bTSSF@c20070726
905    @a10447@dG613.2@e104
    
    学前儿童语言教育/赵寄石,楼必生主编.-北京:人民教育出版社,1993.1(2002)
    297页;20cm
    
    
    ISBN 7-107-07109-2:CNY12.30
    主要阐述了语言、社会和儿童的关系,语言系统的结构和语言的社会功能,儿童语言发展的规律及其特点,学前教育儿童语言障碍与语言矫治和国外对学前儿童语言教育的研究趋向等。
●
相关链接 在E读中查询图书 在五车中查询图书 在当当中查询图书 在豆瓣中查询图书


正题名:学前儿童语言教育     索取号:G613.2/104         预约/预借

序号 登录号 条形码 馆藏地/架位号 状态 备注
1 0778295   207782951   第一样本阅览室/ [索取号:G613.2/104] 在馆    
2 0779042   207790425   密集书库/ [索取号:G613.2/104] 在馆    
3 0787817   207878171   密集书库/ [索取号:G613.2/104] 在馆    
4 0787850   207878509   密集书库/ [索取号:G613.2/104] 在馆    
5 0788176   207881764   密集书库/ [索取号:G613.2/104] 在馆    
唐山师范学院图书馆 欢迎您!
大连网信软件有限公司© 版权所有